Cuentos hispanoamericanos

Guardat en:
Dades bibliogràfiques
Autor principal: Rodríguez Fernández, Mario (Autor)
Format: Llibre
Idioma:espanyol
Publicat: Santiago Universitaria 1995
Edició:15a. ed
Matèries:
Etiquetes: Afegir etiqueta
Sense etiquetes, Sigues el primer a etiquetar aquest registre!

MARC

LEADER 00000cam a2200000 a 4500
001 UCF6963
003 CL-VaPUC
008 130530e19950000CL |||||||||||||||||spa|d
020 |a 9561108631 
082 0 4 |a H863  |b ROD  |2 21 
100 0 |a Rodríguez Fernández, Mario  |e author  |9 568934 
245 1 0 |a Cuentos hispanoamericanos 
250 |a 15a. ed 
300 |a 459 p 
942 |c BK 
945 |d 20130530 00:00:00  |a dcastane 
260 |a Santiago  |b Universitaria  |c 1995 
650 0 |a Cuentos hispanoamericanos  |9 312389 
650 0 |a Cuentos latinoamericanos  |9 317166 
583 |a last modification  |c 20130530 09:49:00  |k Rodrigo Vera 
999 |c 351945  |d 351943